书目信息 |
| 题名: |
化学激光
|
|
| 作者: | 桑风亭等 编著 | |
| 分册: | ||
| 出版信息: | 北京 化学工业出版社 2000 |
|
| 页数: | 121 | |
| 开本: | 20cm | |
| 丛书名: | 高新技术科普丛书 | |
| 单 册: | ||
| 中图分类: | TN248.5 | |
| 科图分类: | ||
| 主题词: | 激光技术 , 微波激射技术 | |
| 电子资源: | ||
| ISBN: | 7-5025-2969-1 | |
| 000 | 00624nam0 2200217 450 | |
| 001 | 0754114953 | |
| 005 | 20070929150154.95 | |
| 010 | @a7-5025-2969-1 | |
| 100 | @a20070929d km y0chiy0120 ea | |
| 101 | 0 | @achi |
| 200 | 1 | @a化学激光@Ahua xue ji guang@f桑风亭等 编著@Fsang feng ting deng bian zhu |
| 210 | @a北京@c化学工业出版社@d2000 | |
| 215 | @a121@c插图@d20cm | |
| 225 | 2 | @a高新技术科普丛书 |
| 410 | 0 | @12001 @a高新技术科普丛书 |
| 606 | 0 | @a激光技术 |
| 606 | 0 | @a微波激射技术 |
| 690 | @aTN248.5@v3 | |
| 701 | 0 | @a桑风亭等@Asang feng ting deng@4编著 |
| 801 | 0 | @aCN@bPFT@c20070929 |
| 905 | @a213230@dTN248.5@eh1@f1 | |
| 化学激光/桑风亭等 编著.-北京:化学工业出版社,2000 |
| 121:插图;20cm.-(高新技术科普丛书) |
| ISBN 7-5025-2969-1: |
| ● |
| 相关链接 |
|
|
|
|
正题名:化学激光
索取号:TN248.5/h1
 
预约/预借
| 序号 | 登录号 | 条形码 | 馆藏地/架位号 | 状态 | 备注 |
| 1 | 6001556 | 260015566 | 密集书库-化学系/ [索取号:TN248.5/h1] | 在馆 |